| 000 | 00840nam a2200289 a 4500 | ||
|---|---|---|---|
| 003 | AR-BaBNM | ||
| 005 | 20251128203645.0 | ||
| 008 | 082120s2002 ||||||||||||||000 | spa|| | ||
| 040 | _cAR-BaBNM | ||
| 100 | 1 | _aCapul, Maurice | |
| 245 | 0 | 0 | _aLos grupos reeducativos |
| 260 |
_aBuenos Aires _bEl Ateneo _c1972 |
||
| 300 | _axiii, 230 p. | ||
| 490 | 0 | _aBiblioteca Nuevas Orientaciones de la Educación | |
| 500 | _aContiene referencias bibliográficas | ||
| 650 | 4 | _aCENTROS DE REEDUCACION | |
| 650 | 4 | _aEDUCACION ESPECIAL | |
| 650 | 4 | _aENSEÑANZA EN GRUPO | |
| 653 | 0 | _aREEDUCACION | |
| 653 | _aGABINETES PSICOPEDAGOGICOS | ||
| 653 | _aPSICOPEDAGOGIA | ||
| 700 | 1 |
_aAmado, Georges _eprologuista |
|
| 700 | 1 |
_aRevello, Alicia Isabel _etraductor |
|
| 800 | 1 |
_aMárquez, Angel Diego _edirector |
|
| 942 | _cBK | ||
| 998 | _csilvi | ||
| 999 |
_c4355 _d4355 |
||